LEADER 01234nam a2200265 i 4500 001 000000157995 003 CaOOAMICUS 005 20060124000000.0 008 060124s1989 be u000 u mul u 013 $a135358 020 $a90-6831-233-2 040 $aSeMil$bita 245 10$aCritica, Classica, Ascetica, Liturgica /$cedited by Elizabeth A. Livingstone. 300 $ax, 402 p. 490 0 $aStudia patristica ;$v18.2 650 4$aPatristica - Atti di congressi.$0(OLS)http://semarc/subject/1239 700 1 $aLivingstone, Elizabeth Anne.$0(OLS)http://semarc/name/7854 700 1 $aInternational Conference on Patristic Studies <9. ; 1983 ; Oxford>.$0(OLS)http://semarc/name/7856 773 0 $tPapers of the 1983 Oxford Patristics Conference.$dKalamazoo : Cistercian, 1989-1990.$kStudia patristica $g2$w()17138 830 0$aStudia patristica ;$v18.2.$0(OLS)http://semarc/title/22570 850 $aSeMil 852 $aSeMil$W1$xVenegono$y1$m2UA D 18/2$j228677$B109669$CSeMilBibl$Z2$F119283 $81 961 $aSottoscrizione: Peeters 996 $6020$a90-6831-233-2$9(OLS)http://semarc/number/148432 996 $6245$aCritica, Classica, Ascetica, Liturgica$9(OLS)http://semarc/title/54634 LEADER 00750nam a2200205 i 4500 001 000000159587 003 CaOOAMICUS 005 20110318000000.0 008 110318s1896 it u000 u ita u 013 $a136950 040 $aSeMil$bita 245 10$aZelo per la conversione degli infedeli. 250 $aEdizione terza. 260 $aMilano :$bTipografia Pontificia S. Giuseppe,$c1896. 300 $a31 p. ;$c20 cm. 773 0 $t[Miscellanea.$w()24570 850 $aSeMil 852 $aSeMil$W1$xVenegono$y1$m5B I 26/9 FA$j111144$B111144$CSeMilBibl$Z2$F120753 $8I 996 $6245$aZelo per la conversione degli infedeli$9(OLS)http://semarc/title/141723 996 $6260$aMilano :$bTipografia Pontificia S. Giuseppe$9(OLS)http://semarc/publisher/30602 LEADER 01139nam a2200253 4500 001 000000363420 003 CaOOAMICUS 005 20250627142427.0 008 250627s2018 it a 000 u ita r 020 $a978-88-343-3510-9 040 $aSeMil$bita 100 1 $aSanti, Giancarlo,$c.$0(OLS)http://semarc/name/29348 245 10$aElementi di architettura della chiesa :$bdieci lezioni introduttive /$cGiancarlo Santi. 264 1$aMilano :$bVita e Pensiero,$c2018. 300 $a239 p., XLVIII p. di tav. :$bill. ;$c22 cm 490 1 $aRicerche. Storia dell'arte 650 4$aChiese - Architettura.$0(OLS)http://semarc/subject/2743 830 0$aRicerche. Storia dell'arte.$0(OLS)http://semarc/title/454490 850 $aSeMil 852 $aSeMil$W1$xVenegono$y1$m5E I 60$j259312$B254270$CSeMilBibl$Z2$F254270 $81 996 $6020$a978-88-343-3510-9$9(OLS)http://semarc/number/303550 996 $6245$aElementi di architettura della chiesa :$bdieci lezioni introduttive$9(OLS)http://semarc/title/454613 996 $6264$aMilano :$bVita e Pensiero$9(OLS)http://semarc/publisher/29642 LEADER 01065nam a2200241 4500 001 000000365486 003 CaOOAMICUS 005 20251128114000.0 008 251128s2024 it 000 u ita r 020 $a978-88-288-5753-2 040 $aSeMil$bita 100 1 $aBettetini, Andrea,$d<1963- >.$0(OLS)http://semarc/name/63344 245 10$aEnte ecclesiastico, beni religiosi e attività di culto :$bprofili giuridici /$cAndrea Bettetini. 250 $a2. Ed. 264 1$aMilano :$bGiuffrè Francis Lefebvre,$c2024. 300 $aX, 203 p. ;$c24 cm 650 4$aEnti ecclesiastici - Legislazione - Italia.$0(OLS)http://semarc/subject/59126 850 $aSeMil 852 $aSeMil$W1$xVenegono$y1$m2J VI 31$j264990$B256322$CSeMilBibl$Z2$F256322 $81 996 $6020$a978-88-288-5753-2$9(OLS)http://semarc/number/304819 996 $6245$aEnte ecclesiastico, beni religiosi e attività di culto :$bprofili giuridici$9(OLS)http://semarc/title/457088 996 $6264$aMilano :$bGiuffrè Francis Lefebvre$9(OLS)http://semarc/publisher/58113 LEADER 01184nam a2200253 i 4500 001 000000168344 003 CaOOAMICUS 005 20080108000000.0 008 080108s1992 it u000 u ita u 013 $a145746 040 $aSeMil$bita 100 1 $aZoppe', Leandro.$0(OLS)http://semarc/name/22645 240 00$aArti e mestieri in Lombardia :.$0(OLS)http://semarc/title/240849 245 10$aArti e mestieri in Lombardia :$b2000 anni di vita artigiana /$cLeandro Zoppe'. 260 $a[Italia] :$bCredito Artigiano,$ccopyr. 1992$e(Cinisello Balsamo (Milano) :$fAmilcare Pizzi,$gcopyr. 1992) 300 $a191 p. :$bricc. ill. ;$c31 cm. 500 $aFront. su 2 pagine. 650 4$aArtigianato - Lombardia - Storia.$0(OLS)http://semarc/subject/32088 650 4$aMestieri - Lombardia - Storia.$0(OLS)http://semarc/subject/32089 850 $aSeMil 852 $aSeMil$W1$xVenegono$y1$m5T XI 2$j119429$B119429$CSeMilBibl$Z2$F130860 $8I 961 $aLascito: Cazzaniga don Francesco 996 $6245$aArti e mestieri in Lombardia :$b2000 anni di vita artigiana$9(OLS)http://semarc/title/240850 996 $6260$a[Italia] :$bCredito Artigiano$9(OLS)http://semarc/publisher/40322 LEADER 01269nam a2200265 i 4500 001 000000076578 003 CaOOAMICUS 005 20060209000000.0 008 060209s2000 it u000 u ita u 013 $a47750 020 $a88-382-3842-1 040 $aSeMil$bita 100 1 $aGiovannelli, Andrea.$0(OLS)http://semarc/name/37726 245 13$aLa Santa Sede e la Palestina :$bla custodia di Terra Santa tra la fine dell'impero ottomano e la guerra dei sei giorni /$cAndrea Giovannelli. 260 $aRoma :$bStudium,$c2000. 300 $aXIV, 250 p. ;$c21 cm. 490 0 $aReligione e società : storia della Chiesa e dei movimenti cattolici ;$v35. 650 4$aSanta Sede - Relazioni con la Palestina.$0(OLS)http://semarc/subject/15656 830 0$aReligione e società ;$v35.$0(OLS)http://semarc/title/6868 850 $aSeMil 852 $aSeMil$W1$xVenegono$y1$m3E I 41$j42730$B42730$CSeMilBibl$Z2$F107140 $81 961 $aAcquisto: Mescat 996 $6020$a88-382-3842-1$9(OLS)http://semarc/number/57565 996 $6245$aLa Santa Sede e la Palestina :$bla custodia di Terra Santa tra la fine dell'impero ottomano e la guerra dei sei giorni$9(OLS)http://semarc/title/124162 996 $6260$aRoma :$bStudium$9(OLS)http://semarc/publisher/29617